Avenged Sevenfold Studio Albums Quiz - Statistics

General Stats
  • This quiz has been taken 172 times
    130 since last reset
  • The average score is 7 of 8
Answer Stats
Year of Release Album % Correct
2007 Avenged Sevenfold
95%
2010 Nightmare
94%
2016 The Stage
94%
2005 City of Evil
92%
2013 Hail to the King
90%
2003 Waking the Fallen
90%
2001 Sounding the Seventh Trumpet
89%
2023 Life Is But A Dream...
78%
No matching quizzes found
Score Distribution
Percent of People with Each Score
Percentile by Number Answered
Your Score History
You have not taken this quiz since the last reset